Principia ethica, (Record no. 40065)
[ view plain ]
| 000 -LEADER | |
|---|---|
| fixed length control field | 00461cam a22001931 4500 |
| 001 - CONTROL NUMBER | |
| control field | 744890 |
| 005 - DATE AND TIME OF LATEST TRANSACTION | |
| control field | 20180111041028.0 |
| 008 - FIXED-LENGTH DATA ELEMENTS--GENERAL INFORMATION | |
| fixed length control field | 790718s1903 mau 000 0 eng |
| 010 ## - LIBRARY OF CONGRESS CONTROL NUMBER | |
| LC control number | 04026925 |
| 040 ## - CATALOGING SOURCE | |
| Original cataloging agency | DLC |
| Transcribing agency | DLC |
| Modifying agency | DLC |
| 041 ## - LANGUAGE CODE | |
| Language code of text/sound track or separate title | eng |
| 080 ## - UNIVERSAL DECIMAL CLASSIFICATION NUMBER | |
| Universal Decimal Classification number | 371 |
| 082 ## - DEWEY DECIMAL CLASSIFICATION NUMBER | |
| Edition number | 371 MOO |
| 100 1# - Rafti | |
| Rafti | 46 |
| 101 ## - Shkurtesa | |
| Shkurtesa | EDU |
| 245 00 - TITLE STATEMENT | |
| Title | Principia ethica, |
| Statement of responsibility, etc | by George Edward Moore ... |
| 906 ## - LOCAL DATA ELEMENT F, LDF (RLIN) | |
| a | 7 |
| b | cbc |
| c | orignew |
| d | u |
| e | ocip |
| f | 19 |
| g | y-gencatlg |
| 942 ## - ADDED ENTRY ELEMENTS (KOHA) | |
| Source of classification or shelving scheme | |
| Item type | Books |
No items available.